000 01180nam a2200277 a 4500
001 000022902
005 20200930021851.0
008 101122s1990 ag abc r 000 0 spa d
020 _a9501800970
040 _aDO-SdBNP
_bspa
_cBNPHU
041 1 7 _aspa
_heng
_2Código de idiomas MARC
082 _a325.0973
_bB668t
100 1 _aBodnar John,
_947070
240 1 4 _aThe transplanted: a history of immigrants in urban America.
_lEspañol.
245 1 4 _aLos trasplantados :
_buna historia de quienes emigraron a las ciudades de Estados Unidos : /
_cJohn Bodnar ; traducción de Graciela Arancibia.
260 _aBuenos Aires :
_bTres Tiempos,
_c1990.
300 _a411 p. :
_bil., mapas, retrs. ;
_c20 cm.
490 1 _aColección del hoy candente
504 _aIncluye referencias bibliográficas y notas al pie de las páginas.
534 _pTítulo original en inglés:
_tThe transplanted: a history of immigrants in urban America.
650 4 _aEmigración e inmigración
_zEstados Unidos
_947071
650 4 _aMovimiento de la población
_zEstados Unidos
_947072
700 1 _aArancibia, Gracia,
_etr.
_947073
830 0 _aColección del hoy candente
_947074
049 _aBNGR
999 _c22399
_d22399